El descubrimiento del sentido: la adquisición del significado compartido
Guardat en:
| Autor principal: | |
|---|---|
| Format: | Llibre |
| Idioma: | espanyol |
| Publicat: |
Madrid
Alianza
1988
|
| Col·lecció: | Alianza Psicología, 23
|
| Matèries: | |
| Etiquetes: |
Afegir etiqueta
Sense etiquetes, Sigues el primer a etiquetar aquest registre!
|
MARC
| LEADER | 00000nam a2200000 a 4500 | ||
|---|---|---|---|
| 001 | UCW9431 | ||
| 003 | CL-VaPUC | ||
| 008 | 890418e19880000SP |||||||||||||||||spa|d | ||
| 082 | 0 | 4 | |a 155.148 |b NEL |2 21 |
| 100 | |a Nelson, Katherine |e autora |9 314704 | ||
| 245 | 1 | 3 | |a El descubrimiento del sentido: la adquisición del significado compartido |
| 300 | |a 261 p | ||
| 942 | |c BK | ||
| 945 | |d 19890418 00:00:00 | ||
| 260 | |a Madrid |b Alianza |c 1988 | ||
| 650 | 0 | |a Lenguaje infantil |9 314705 | |
| 650 | 0 | |a Psicología del niño |9 307305 | |
| 583 | |a last modification |c 20130106 11:22:29 |k Rodrigo Vera | ||
| 490 | 0 | |a Alianza Psicología, 23 | |
| 999 | |c 221412 |d 221410 | ||
| 952 | |0 0 |1 0 |4 0 |6 155_148000000000000_NEL_1988 |7 0 |8 A |9 214723 |a FDOPOS |b FDOPOS |d 2019-11-15 |i 2832615 |o 155.148 NEL 1988 |p 2832615 |r 2025-01-22 |w 2019-11-15 |y BK |k MLA | ||